|
|
|
|
| LEADER |
01152cam a2200325 a 4500 |
| 001 |
1023045 |
| 003 |
BD-DhAAL |
| 005 |
20150206103825.0 |
| 008 |
130530s1990 caua b 001 0 eng |
| 010 |
|
|
|a 88063435
|
| 020 |
|
|
|a 9780804720113
|a 0804720118
|a 0804717273
|
| 040 |
|
|
|a DLC
|c DLC
|d DLC
|d BD-DhAAL
|
| 050 |
0 |
0 |
|a GN468
|b .B6813 1990
|
| 082 |
0 |
0 |
|a 301/.01
|2 20
|
| 999 |
|
|
|c 13518
|d 13518
|
| 999 |
|
|
|c 13518
|
| 999 |
|
|
|c 13518
|
| 999 |
|
|
|c 13518
|
| 999 |
|
|
|c 13518
|
| 100 |
1 |
|
|a Bourdieu, Pierre,
|d 1930-2002.
|9 2000
|
| 240 |
1 |
0 |
|a Sens pratique.
|l English
|
| 245 |
1 |
4 |
|a The logic of practice /
|c Pierre Bourdieu ; translated by Richard Nice.
|
| 260 |
|
|
|a Stanford, Calif. :
|b Stanford University Press,
|c 1990.
|
| 300 |
|
|
|a 333 p. :
|b ill. ;
|c 24 cm.
|
| 500 |
|
|
|a Translation of: Le sens pratique.
|
| 504 |
|
|
|a Includes bibliographical references (p. [320]-329) and index.
|
| 541 |
|
|
|e 27101
|
| 650 |
|
0 |
|a Ethnophilosophy.
|9 2001
|
| 942 |
|
|
|2 ddc
|c BK
|
| 952 |
|
|
|0 0
|1 0
|2 ddc
|4 0
|6 301_010000000000000_BOU
|7 0
|9 22554
|a BRACUL
|b BRACUL
|c GEN
|d 2013-05-30
|e Riza Enterprise
|g 1700.00
|l 4
|m 18
|o 301.01 BOU
|p 3010027101
|r 2022-06-21
|s 2022-04-05
|t 1
|w 2013-05-30
|y BK
|